SEVENTEEN songs (January 2026) - Statistics

General Stats
  • This quiz has been taken 90 times
    70 since last reset
  • The average score is 125 of 268
Answer Stats
Hint Answers % Correct
Rock
93%
CHEERS
90%
Pretty U
90%
Aju Nice
86%
Don't Wanna Cry
86%
Home
86%
Home;Run
86%
Hot
86%
Mansae
86%
Monday to Saturday (Hiphop Unit)
86%
Thunder
86%
To You
86%
_World
86%
_World (Anne-Marie)
86%
Adore U
83%
Adore U (Vocal Unit)
83%
Fuck My Life
83%
I don't understand but I luv U
83%
Love Money Fame (DJ Khalid)
83%
Maestro
83%
Rock With You
83%
Shadow
83%
Clap
79%
Fighting
79%
Go!
79%
Go
79%
Hit
79%
Lalali
79%
Left & Right
79%
Rain
79%
Super
79%
2024 Super (Workout Remix)
79%
Ash
76%
Fire
76%
HBD
76%
March
76%
Monster
76%
Shining diamond
76%
Shining Diamond (Performance Unit)
76%
Thanks
76%
Water
76%
Bad Influence
72%
BoomBoom
72%
Circles
72%
Don Quixote
72%
Fear
72%
God Of Music
72%
Jungle
72%
Spell
72%
Beautiful
69%
Darl+ing
69%
Happy virus
69%
Stupid Idiot
69%
Trigger
69%
20
66%
2 Minus 1
66%
99.9%
66%
Anyone
66%
Blue
66%
Candy
66%
Domino
66%
Do Re Mi
66%
Fallin Flower
66%
Fortunate Change
66%
Kidult
66%
Light A Flame
66%
Love Letter
66%
Oh My!
66%
Our Dawn Is Hotter Than Day
66%
Shake it off
66%
Spider
66%
Wait
66%
Yawn
66%
5, 4, 3 (Pretty Woman)
62%
Cheers To Youth
62%
Coincidence
62%
Eyes On You
62%
GAM3 BO1
62%
Gemini
62%
Just Do It
62%
Psycho
62%
Raindrops
62%
Ready To Love
62%
Ruby
62%
SOS (Prod. Marshmello)
62%
Trauma
62%
96ers
59%
April Shower
59%
Call Call Call
59%
CBZ
59%
Change Up
59%
Crush
59%
Dust
59%
Fearless
59%
Good To Me
59%
Last Night
59%
Lilili Yabbay
59%
My My
59%
Network Love
59%
Run To You
59%
24H
55%
Beautiful Monster
55%
Black Eye
55%
Damage
55%
Destiny
55%
Fast pace
55%
Headliner
55%
Imperfect Love
55%
My I
55%
Skyfall
55%
1 To 13
52%
7PM
52%
Campfire
52%
For You
52%
Getting Closer
52%
Heaven's Cloud
52%
Hey Buddy
52%
Highlight
52%
If You Leave Me
52%
Lunch
52%
Pang!
52%
Pinwheel
52%
Snap Shoot
52%
Together
52%
Wave
52%
247
48%
2018 A-TEEN
48%
Flower
48%
Guilty Pleasure
48%
Holiday
48%
Jam Jam
48%
Leftover
48%
Me
48%
Orbit
48%
Same dream, Same mind, Same night
48%
Say Yes
48%
Shining Star
48%
Smile Flower
48%
Ah! Love
45%
Ah Yeah
45%
All My Love
45%
Back It Up
45%
Crazy In Love
45%
Diamond Days
45%
Don't listen in secret
45%
Dream
45%
Fiesta
45%
Happy Ending
45%
If I
45%
Lean on me
45%
Not Alone
45%
Pinocchio
45%
Rocket
45%
Rockstar
45%
Side By Side
45%
2019 9-TEEN
41%
Back 2 Back
41%
2021 Bittersweet
41%
bout you
41%
Chuck
41%
2023 God Of Light Music
41%
Hug
41%
Lie Again
41%
Limbo
41%
Moonwalker
41%
When I Grow up
41%
Chilli
38%
Fronting
38%
Hello
38%
I Can't Run Away
38%
I Don't Know
38%
Let Me Hear You Say
38%
No F.U.N
38%
Power Of Love
38%
Space
38%
Worth It
38%
Young Again
38%
Cold Love
34%
Dandelion
34%
Echo
34%
Habit
34%
Healing
34%
Hit song
34%
I Wish
34%
Now-Even if the world ends tomorrow
34%
OMG
34%
Prelude of love
34%
Second Life
34%
Simple
34%
Swimming Fool
34%
Bring It
31%
Earth
31%
Falling For You
31%
Happy Alone
31%
2015 Q&A
31%
Shhh
31%
Silence
31%
Still lonely
31%
The reason
31%
Thinkin About You
31%
2020 17 (Joshua, DK, ft. Pink SweatS)
28%
Drift Away
28%
Lucky
28%
Sara Sara
28%
What Kind of Future
28%
54321 (feat. Vernon)
24%
2016 Chocolate ft Yoon Jongshin
24%
Come To Me
24%
HaiCheng
24%
Love Song
24%
2024 Shohikigen
24%
What's Good
24%
Without You
24%
2023 Dirty Dancing
21%
Dream serenade
21%
Fallen superstar
21%
GOGAE
21%
Intro. New world
21%
Outro. Incompletion
21%
Take A Shot
21%
As It Was
17%
Better Half
17%
Crow
17%
Icarus
17%
Love Is Gone
17%
The Reasons of My Smiles
17%
Goddess of Despair
14%
2021 Is It Still Beautiful
14%
Lotto
14%
Maze
14%
Screen Time (Epik High)
14%
2023 Shingiru
14%
Silent Boarding Gate
14%
Star Crossing Night
14%
Beg For You
10%
Cinematic Love
10%
2025 Illegal (ft. PinkPantheress)
10%
It's You
10%
Lonely Stars
10%
Missed Connections
10%
Miss You
10%
Short Hair
10%
Still You
10%
2019 Sweetest thing
10%
2021 Warrior (Joshua, Jun, The8, Mingyu, Vernon)
10%
2025 Where Love Passed
10%
2023 Betting
7%
Exclusive fairytale
7%
Fly! Birdy friends
7%
Kind Of Love
7%
Last Tiger
7%
Miracle
7%
2023 Our Vacation
7%
Pit A Pat
7%
Sickness
7%
So Many Roads
7%
Somewhere In This Universe
7%
The Moment You Arrive
7%
Til My fingers bleed
7%
YOSM
7%
A Taste of Summer
3%
Double Take
3%
High Five
3%
Last Order
3%
Run Like Gump
3%
Burning moon
0%
No matching quizzes found
Score Distribution
Percent of People with Each Score
Percentile by Number Answered
Your Score History
You have not taken this quiz since the last reset